000 00434nam a2200169 a 4500
001 0000-9016
003 ELIB.Books
008 110520 1972
035 _a(ELIB.Books)0000-9165
082 _a242
_bNee
100 _aNee, Watchman
245 _aTwelve Baskets Full. Vol-II
260 _bHong Kong: Church Book Room
_c1972
650 _aDevotional Literature
942 _2ddc
_cBK
998 _cbat
_e2011-05-20
999 _c9016
_d9016